Pandit Guru Datta Vidyarthi: (Record no. 192362)

MARC details
000 -LEADER
fixed length control field 00544nam a22001937a 4500
010 ## - LCCN (DPL NO)
LC control number ENG-135115
020 ## - INTERNATIONAL STANDARD BOOK NUMBER
Terms of availability 80.00
035 ## - SYSTEM CONTROL NUMBER
System control number EN-118647
037 ## - SOURCE OF ACQUISITION
Source of stock number/acquisition DBAD / PUB
082 ## - DEWEY DECIMAL CLASSIFICATION NUMBER
Classification number 294.5
100 ## - MAIN ENTRY--PERSONAL NAME
Personal name Rai,Lala Lajpat
245 ## - TITLE STATEMENT
Title Pandit Guru Datta Vidyarthi:
Statement of responsibility, etc by Lala Lajpat Rai;edited by Ram Prakash
Remainder of title life and work/
260 ## - PUBLICATION, DISTRIBUTION, ETC. (IMPRINT)
Name of publisher, distributor, etc Delhi Arya Pratinidhi Sabha
Date of publication, distribution, etc 2012
Place of publication, distribution, etc New Delhi
270 ## - ADDRESS
City New Delhi
300 ## - PHYSICAL DESCRIPTION
Extent 166p.
Dimensions 22cm(Hb)
650 ## - SUBJECT ADDED ENTRY--TOPICAL TERM
Topical term or geographic name as entry element Sikhism
700 ## - ADDED ENTRY--PERSONAL NAME
Personal name Ram Prakash
942 ## - ADDED ENTRY ELEMENTS (KOHA)
Source of classification or shelving scheme Dewey Decimal Classification
Item type English Books
Call number suffix RAI
Classification part 294.5
Holdings
Withdrawn status Lost status Not for loan Collection code Home library Current library Date acquired Source of acquisition Cost, normal purchase price Full call number Barcode Copy number Cost, replacement price Koha item type
      Non-fiction Bawana Bawana 20/09/2022 DBAD/PUB 80.00 294.5 RAI EN-118647 1 80.00 English Books

© Delhi Public Library
Hit Counter
free hit counter